000 00378pab a2200145 454500
008 180718b2001 xxu||||| |||| 00| 0 eng d
100 _aArun Kumar
245 _aUse of information technology in crime detection
260 _c2001
300 _ap.126-37
362 _aJan-Dec
650 _aCrime
773 _aIndian Journal of Criminology and Criminalistics
909 _a50861
999 _c50861
_d50861